Arquitectura sustentable /

Obra centrada en las soluciones de diseño sustentable para el edificio World Trade Center de la Ciudad de México, donde se transformó su envoltura para el intercambio de gases, vapores, luz y calor entre el interior y el exterior, con el fin de reducir el impacto ambiental.

Tallennettuna:
Bibliografiset tiedot
Päätekijä: Meléndez García, Sergio Javier (autor)
Aineistotyyppi: Kirja
Kieli:espanja
Julkaistu: México : Trillas, 2012, c2011
Aiheet:
Tagit: Lisää tagi
Ei tageja, Lisää ensimmäinen tagi!

MARC

LEADER 00000nam^a2200000^a^4500
001 000410234
005 20250521000000.0
009 20260310122042.674
020 |a 978-607-17-0799-4 
037 |a Acervo ITESO - Biblioteca 
041 |a ESP 
082 |a 720. 47  |b MEL 
100 |a Meléndez García, Sergio Javier  |e (autor) 
245 1 0 |a Arquitectura sustentable /  |c S.J. Meléndez García. 
264 4 |a México :  |b Trillas,  |c 2012, c2011 
300 |a 164 p. 
336 |a texto  |b txt  |2 rdacontenido 
337 |a sin mediación  |b n  |2 rdamedio 
338 |a volumen  |b nc  |2 rdasoporte 
520 |a Obra centrada en las soluciones de diseño sustentable para el edificio World Trade Center de la Ciudad de México, donde se transformó su envoltura para el intercambio de gases, vapores, luz y calor entre el interior y el exterior, con el fin de reducir el impacto ambiental. 
521 |a FIL 2018 DIA 
649 |a XX 
650 |a Locales Comerciales y de Servicios -  |z México (Ciudad) -  |x Tema Principal 
650 |a Locales Comerciales y de Servicios -  |z México 
650 |a Energía Solar y Arquitectura -  |z México (Ciudad) 
650 |a Energía Solar y Arquitectura -  |z México 
650 |a Ecodiseño -  |z México (Ciudad) -  |x Tema Principal 
650 |a Ecodiseño -  |z México -  |x Tema Principal 
650 |a Arquitectura y Clima -  |z México (Ciudad) 
650 |a Arquitectura y Clima -  |z México 
650 |a Arquitectura Mexicana -  |x Historia y Crítica 
650 |a Arquitectura -  |x Historia y Crítica 
650 |a Arte -  |x Historia y Crítica 
910 |a Fondo General 
920 |a Impresos - Libros 
930 |a Colección General 
905 |a 101 
901 |a 0500312399  |b IT1  |c ACC  |i C164597  |u 20250521 
902 |a https://opac.biblio.iteso.mx/vufind/Record/000410234